000 01680cam a2200457 a 4500
001 203786
003 OSt
005 20140310184514.0
008 990512s1999 nyu 000 1 eng
010 _a 99063497
020 _a0689831390
040 _aDLC
_cDLC
_dDLC
043 _an-us-mo
_an-usm--
050 _aPS 1305.A1
_b.T969 2008
100 1 _aTwain, Mark,
_d1835-1910.
_929314
245 1 4 _aThe adventures of Huckleberry Finn /
_cMark Twain
250 _a1st Aladdin paperbacks ed.
260 _aNew York :
_bAladdin Paperbacks,
_c2008.
300 _a506 p. ;
_c20 cm.
440 0 _aAladdin classics
_93265
521 _aG4
526 _c660
650 0 _aFinn, Huckleberry (Fictitious character)
_vFiction.
_929315
650 0 _aRunaway children
_vFiction.
_929316
650 0 _aMale friendship
_vFiction.
_929317
650 0 _aFugitive slaves
_vFiction.
_929318
650 0 _aRace relations
_vFiction.
_929319
650 0 _aBoys
_vFiction.
_929320
651 0 _aMississippi River
_vFiction.
_929321
651 0 _aMissouri
_vFiction.
_929322
655 7 _aAdventure fiction.
_2gsafd
_93061
655 7 _aHumorous fiction.
_2gsafd
_96350
655 7 _aBildungsromans.
_2gsafd
_92798
700 1 _aPaulsen, Gary.
_95626
856 4 2 _3Publisher description
_uhttp://www.loc.gov/catdir/description/simon033/99063497.html
856 4 2 _3Contributor biographical information
_uhttp://www.loc.gov/catdir/enhancements/fy0913/99063497-b.html
906 _a7
_bcbc
_corignew
_d2
_eopcn
_f19
_gy-gencatlg
942 _2lcc
_cBK-SCHOLAS
999 _c34925
_d34925